El momento interminable de la fotografía.
Uloženo v:
| Hlavní autor: | |
|---|---|
| Další autoři: | |
| Médium: | Kniha |
| Vydáno: |
Oaxaca, México; México D.F., México:
Ediciones Ve; Consejo Nacional para la Cultura y las Artes; Fundación Televisa,
2010.
|
| Vydání: | Primera edición. |
| Edice: | SerieVe,
|
| Témata: | |
| Tagy: |
Přidat tag
Žádné tagy, Buďte první, kdo vytvoří štítek k tomuto záznamu!
|
MARC
| LEADER | 00000nam a22000007a 4500 | ||
|---|---|---|---|
| 003 | CL-VaPUC | ||
| 005 | 20250407202457.0 | ||
| 008 | 250320t2010 ||||| |||| 00| 0 eng d | ||
| 999 | |c 447515 |d 447513 | ||
| 020 | |a 978-607-95286-2-1 (Ediciones Ve) | ||
| 020 | |a 978-607-455-467-0 (CNCA) | ||
| 040 | |c Pontificia Universidad Católica de Valparaíso | ||
| 082 | |a 770.9 DYE 2010 | ||
| 100 | |9 895810 |a Dyer, Geoff |e autor | ||
| 245 | |a El momento interminable de la fotografía. | ||
| 250 | |a Primera edición. | ||
| 260 | |a Oaxaca, México; |a México D.F., México: |b Ediciones Ve; |b Consejo Nacional para la Cultura y las Artes; |b Fundación Televisa, |c 2010. | ||
| 300 | |a 317 páginas: |b fotografías. | ||
| 490 | |a SerieVe, |n 3. | ||
| 500 | |a c.1-c.4. Instituto Arcos.08-01-2025. | ||
| 583 | |c 20250320 |k Gabriela Rodríguez Cuevas | ||
| 650 | 0 | |9 494165 |a Historia de la fotografía | |
| 650 | 0 | |9 870892 |a Fotografía |x Estética | |
| 650 | 0 | |9 268495 |a Fotografía |x Temas y géneros fotográficos | |
| 700 | |9 897268 |a Solares Heredia, María del Rosario |e traductora | ||
| 942 | |2 ddc |c BK |n 0 | ||
| 952 | |0 0 |1 0 |2 ddc |4 0 |6 770_900000000000000_DYE_2010 |7 0 |8 A |9 601641 |a BIBINC |b BIBINC |d 2025-03-20 |e Instituto Arcos |i 5666459 |o 770.9 DYE 2010 |p 5666459 |r 2025-03-20 |t 1 |w 2025-03-20 |y BK |k IFP | ||
| 952 | |0 0 |1 0 |2 ddc |4 0 |6 770_900000000000000_DYE_2010 |7 0 |8 A |9 601642 |a BIBINC |b BIBINC |d 2025-03-20 |e Instituto Arcos |i 5666460 |o 770.9 DYE 2010 |p 5666460 |r 2025-03-20 |t 2 |w 2025-03-20 |y BK |k IFP | ||
| 952 | |0 0 |1 0 |2 ddc |4 0 |6 770_900000000000000_DYE_2010 |7 0 |8 A |9 601643 |a BIBINC |b BIBINC |d 2025-03-20 |e Instituto Arcos |i 5666461 |o 770.9 DYE 2010 |p 5666461 |r 2025-03-20 |t 3 |w 2025-03-20 |y BK |k IFP | ||
| 952 | |0 0 |1 0 |2 ddc |4 0 |6 770_900000000000000_DYE_2010 |7 0 |8 A |9 601644 |a BIBINC |b BIBINC |d 2025-03-20 |e Instituto Arcos |i 5666462 |o 770.9 DYE 2010 |p 5666462 |r 2025-03-20 |t 4 |w 2025-03-20 |y BK |k IFP | ||